12 miesięcy w 35 sekund. - Statystyki

Ogólne statystyki
  • Ten quiz został rozwiązany 1 566 razy
  • Średni wynik to 11 z 12
Statystyki odpowiedzi
Lp. Miesiąc % Poprawnych
2. Luty
99%
1. Styczeń
99%
4. Kwiecień
97%
5. Maj
97%
3. Marzec
97%
6. Czerwiec
95%
7. Lipiec
93%
8. Sierpień
88%
9. Wrzesień
84%
10. Październik
78%
11. Listopad
75%
12. Grudzień
67%
Nie znaleziono quizów pasujących do podanych kryteriów
Rozkład punktacji
Procent ludzi z każdym wynikiem
Percentyl według liczby udzielonych odpowiedzi
Twoja historia wyników
Nie rozwiązałeś tego quizu